Η κατά το άρθρον 105 εισαγ. Ν.Α.Κ. έννοια της χάριν του γενικού συμφέροντος κείμενης διατάξεως
Saved in:
| Main Author: | |
|---|---|
| Format: | Book |
| Language: | Greek |
| Published: |
Αθήναι :
Σάκκουλας, Αντ.,
1960.
|
| Subjects: | |
| Tags: |
Add Tag
No Tags, Be the first to tag this record!
|
MARC
| LEADER | 00000cam a2200000 i 4500 | ||
|---|---|---|---|
| 001 | 1/42707 | ||
| 008 | 070323s1960 gre d | ||
| 035 | |l 10087413 | ||
| 040 | |a GR-MY-UA |b gre |e aacr | ||
| 041 | 0 | |a gre | |
| 082 | 0 | |a 346.9495 |2 (22) | |
| 100 | 1 | |a Τσάτσος, Δημήτρης Θ., |d 1933-2010. | |
| 245 | 1 | 2 | |a Η κατά το άρθρον 105 εισαγ. Ν.Α.Κ. έννοια της χάριν του γενικού συμφέροντος κείμενης διατάξεως / |c Δημήτριου Θ. Τσάτσου |
| 260 | |a Αθήναι : |b Σάκκουλας, Αντ., |c 1960. | ||
| 300 | |a ις',114 σ.; |c 25 εκ. | ||
| 500 | 0 | |a Αρχικά παρουσιάστηκε ως διατριβή (διδακτορική) του συγγραφέα - Νομική Σχολή του Πανεπιστημίου Αθηνών. | |
| 650 | 0 | 0 | |a Civil law |z Greece. |
| 852 | |a INST |b CHIOS |e 20070323 |h 346.9495 ΤΣΑ |p 005200029052 |q 005200029052 |t BK |y 0 | ||
| 901 | |a BIBL2-2007-1 | ||
| 909 | |a Χ |b 130953 | ||
| 970 | |a ΒΑΣΙΛΑΚΗ |b ΝΙΚΗ |z 2007/03/23 | ||